Największe miasta w Polsce na literę B - Statystyki

Ogólne statystyki
  • Ten quiz został rozwiązany 14 360 razy
  • Średni wynik to 6 z 10
Statystyki odpowiedzi
Rank. Liczba mieszańców Województwo Miasto % Poprawnych
2. 297.554 podlaskie Białystok
94%
1. 348.190 kujawsko-pomorskie Bydgoszcz
94%
4. 165.263 śląskie Bytom
78%
3. 170.663 śląskie Bielsko-Biała
73%
6. 56.973 łódzkie Bełchatów
53%
5. 57.170 lubelskie Biała Podlaska
50%
7. 56.354 śląskie Będzin
42%
9. 35.709 opolskie Brzeg
34%
8. 38.872 dolnośląskie Bolesławiec
33%
10. 29.872 dolnośląskie Bielawa
12%
Nie znaleziono quizów pasujących do podanych kryteriów
Rozkład punktacji
Procent ludzi z każdym wynikiem
Percentyl według liczby udzielonych odpowiedzi
Twoja historia wyników
Nie rozwiązałeś tego quizu